Liedtext erkennen #11 - Statistiken

Allgemein
  • Dieses Quiz wurde 132 mal gespielt
  • Das Durchschnittsergebnis liegt bei 69 aus 175
Antwortstatistiken
Antwort % Korrekt
i
100%
I
100%
a
95%
you
93%
You
93%
the
82%
he
71%
be
68%
and
64%
in
64%
it
63%
me
62%
to
62%
when
62%
my
61%
was
54%
of
50%
time
41%
for
40%
not
39%
that
39%
this
39%
one
32%
im
31%
Im
31%
2022 Jahr
30%
end
29%
has
29%
man
29%
man...
29%
youre
29%
feel
28%
night
28%
Just
26%
just
26%
take
24%
out
23%
but
22%
from
22%
more
22%
at
20%
now
20%
Oh
20%
eye
18%
back
15%
beginning
13%
cry
13%
song
13%
tear
13%
another
12%
city
12%
things
12%
save
10%
better
9%
Chicago
9%
chicago
9%
isnt
9%
laugh
9%
ot
9%
arent
8%
black
8%
End of Beginning Song
8%
goodbye
8%
(Goodbye
8%
goodbye)
8%
middle
8%
version
8%
white
8%
remember
7%
trust
7%
wave
7%
teardrop
6%
Caroline
5%
Djo Interpret
5%
enter
5%
Enter
5%
fine
5%
sacrifice
5%
twentyfour
5%
youll
5%
clueless
4%
finding
4%
major
3%
started
3%
troubadour
3%
Keine übereinstimmenden Quizze gefunden
Verteilung der Resultate
Anzahl Personen mit jedem Resultat
Perzentil nach korrekt beantworteten Fragen
Ihre Resultats-Entwicklung
Sie haben dieses Quiz noch nicht gespielt